000 00553ntaaa2200205 4500
003 01
005 20251027202138.0
008 0714s1973 ag 01
040 _aAR-BaBN
_bspa
_cAR-BaBN
_eaacr
_dRIC
082 _a262.1310 Si5i
100 _aSimons, Francis
_919925
245 _aInfalibilidad y evidencia
250 _a1 ed.
260 _aBarcelona :
_bLibros del Nopal,
_c1970
300 _a195 p ;
_c19 cm
500 _aContiene referencias bibliograficas
650 _ainfalibilidad-iglesia
_916120
650 _acatolocismo
_918949
942 _cBK
999 _c16369
_d16369